Let's feel good about ourselves: (Record no. 12766)

000 -LEADER
fixed length control field 00580nam a2200181 a 4500
001 - CONTROL NUMBER
control field :::00010580$&:&@@
003 - CONTROL NUMBER IDENTIFIER
control field OkBaRHE
005 - DATE AND TIME OF LATEST TRANSACTION
control field 20000607103400.0
008 - FIXED-LENGTH DATA ELEMENTS--GENERAL INFORMATION
fixed length control field s1982 j 000 0 eng u
040 ## - CATALOGING SOURCE
Transcribing agency
100 1# - MAIN ENTRY--PERSONAL NAME
Personal name Schuller, Robert Harold.
245 10 - TITLE STATEMENT
Title Let's feel good about ourselves:
Remainder of title God's way to a good life.
260 ## - PUBLICATION, DISTRIBUTION, ETC. (IMPRINT)
Place of publication, distribution, etc New Canaan, CT., :
Name of publisher, distributor, etc Keats Publishing, Inc.
Date of publication, distribution, etc c1982
300 ## - PHYSICAL DESCRIPTION
Extent 104 p. ;
Dimensions 18 cm.
650 ## - SUBJECT ADDED ENTRY--TOPICAL TERM
Topical term or geographic name as entry element Christian Life
942 ## - ADDED ENTRY ELEMENTS (KOHA)
Source of classification or shelving scheme
Koha item type Books
Copies
Date acquired Source of classification or shelving scheme Not for loan Barcode Withdrawn status Price effective from Permanent Location Koha item type Lost status Damaged status Shelving location Date last seen Full call number Copy number
2010-04-14  10580 2010-04-14RHEMA Bible Training CollegeBooks  General Stacks2010-04-14BV 4501 .S31